000 01261nac a22003737a 4500
001 BR0400078
003 BR-BrBNA
005 20240105122924.0
008 230509b bl.|||m| |||| 00| 0 por d
040 _aBR-BrBNA
_bpor
_cBiblioteca Nacional de Agricultura
072 _aH50; K10
090 _a2400 BR0400078
100 1 _aMoraes, V.H. de F.
100 1 _aMoraes, L.A.C.
110 1 _aEMBRAPA Amazônia Ocidental, Manaus, AM (Brasil)
245 1 _aSecamento do painel de sangria do clone de seringueira fx 4098 (Hevea brasiliensis)sob copas enxertadas de H. pauciflora. correlação com teores de magnésio no látex e resposta a dose suplementar de magnésio
260 3 _aManaus, AM (Brasil):
_c1999.
300 _a6 p.
490 _aComunicado Técnico - EMBRAPA Amazônia Ocidental (Brazil)
_vno. 3
_xISSN 1517-3887
500 _a23 ref.
650 _aSERINGUEIRA
650 _aSANGRIA
650 _aCLONE
650 _aENXERTO
650 _aDEFICIÊNCIA MINERAL
650 _aDEFICIÊNCIA HÍDRICA
650 _aCOMPACTAÇÃO DO SOLO
650 _aSTRESS
650 _aMAGNÉSIO
650 _aRESPOSTA DA PLANTA
650 _aNUTRIÇÃO VEGETAL
909 _a202312
_bLúcia Elande
_c55
_dLúcia Elande
942 _2AGRIS
_n0
_cMS
999 _c293323
_d293323